Statistiken für Berühmte Statuen - Bilderquiz

Klicken Sie hier um das Quiz zu spielen!

Allgemein

  • Dieses Quiz wurde 479 mal gespielt
  • Das Durchschnittsergebnis liegt bei 9 aus 20

Antwortstatistiken

Antwort% Korrekt
New York
99%
Bremen
97%
Rio de Janeiro
96%
Berlin
95%
Gizeh
94%
Washington DC
79%
Brüssel
54%
Rom
52%
Chemnitz
46%
Florenz
45%
London
40%
Paris
33%
Koblenz
28%
Leipzig
25%
Lissabon
19%
Detmold
13%
Kiew
12%
Wolgograd
10%
Porta Westfalica
8%
Dakar
3%

Verteilung der Resultate

Perzentil nach korrekt beantworteten Fragen

Anzahl Personen mit jedem Resultat

Ihre Resultats-Entwicklung

Sie haben dieses Quiz noch nicht gespielt